Affrontez l'Alphabet #20 - Statistiques

Statistiques générales
  • Ce quiz a été pris 96 fois
  • Le résultat moyen est 5 sur 11
Statistiques - réponses
Hint Réponse % Correct
Donne les 2 lettres manquantes dans la gaffe prononcé par François Feldman lors du Téléthon en 1996 : "Tout le monde _e_out"
DB
100%
Donne les 2 lettres manquantes dans le nom de la commune française en photo ci-dessous : Me_ _
TZ
84%
Donne les 2 lettres manquantes dans le nom de la plus grande compagnie brassicole danoise : Carlsbe_ _
RG
71%
Donne les 2 lettres manquantes dans le nom du jeu télévisé diffusé en France sur TF1 entre 2011 et 2017 et présenté par Laurence Boccolini : Money Dr_ _
OP
69%
Donne les 2 lettres manquantes dans le nom du maître et du régisseur des vents dans la mythologie grecque _o_e
EL
60%
Donne les 2 lettres manquantes dans le nom du flip (rotation verticale) agrémenté d'une vrille en snowboard : Le Mc T_i_t
WS
42%
Donne les 2 lettres manquantes dans le nom du personnage interprété par Richard Attenborough dans Jurassic Park : John _am_ond
HM
40%
Donne les 2 lettres manquantes dans le nom du principe actif du venin cutané des petites grenouilles arboricoles d'Amérique tropicale. (Ce venin servait de poison de flèches aux Indiens.) : Batrachoto_ _ne XI
24%
Donne les 2 lettres manquantes dans le nom du personnage du roman Les Misérables de Victor Hugo qui est inspecteur de police et est l'ennemi juré de l’ex-forçat Jean Valjean : _a_ert
JV
21%
Donne les 2 lettres manquantes dans l'adjectif qui signifie "Qui a de belles fesses" (en référence à Vénus) _allip_ge
CY
16%
Dernière Question : Donne la lettre qui est présente 4 fois dans le mot caché dans l'expression ci-dessous : _ _ _ _ _ _ _ _ _ chapeau pointu ! U (Turlututu)
15%
Aucun quiz correspondant
Distribution des résultats
% des personnes avec chaque résultat
Percentile par nombre de réponses
Votre historique - résultats
Vous n’avez pas pris ce quiz